[Event "FIN-chT1 Gp1"]
[Site "Finland"]
[Date "2023.01.15"]
[Round "5.4"]
[White "Kukkonen, Jaakko"]
[Black "Aakio, Seppo"]
[Result "1/2-1/2"]
[WhiteElo "2117"]
[BlackElo "2071"]
[PlyCount "28"]
[EventDate "2022.09.24"]
[EventType "team-tourn"]
[EventRounds "7"]
[EventCountry "FIN"]
[SourceTitle "EXT 2025"]
[Source "ChessBase"]
[SourceDate "2024.10.14"]
[SourceVersion "1"]
[SourceVersionDate "2024.10.14"]
[SourceQuality "1"]
[WhiteTeam "Helsinki KS 58"]
[BlackTeam "Helsinki LauttSSK"]
[WhiteTeamCountry "FIN"]
[BlackTeamCountry "FIN"]

1. d4 d6 2. e4 Nf6 3. Nc3 c6 4. Nf3 Qa5 5. Bd2 e5 6. dxe5 dxe5 7. Bc4 h6 8. h3 Qc7 9. a4 a5 10. Qe2 Nbd7 11. 0-0 Nc5 12. Nh4 g5 13. Nf5 Bxf5 14. exf5 0-0-0 1/2-1/2

[Event "FIN-chT1 Gp1"]
[Site "Finland"]
[Date "2022.09.24"]
[Round "1.3"]
[White "Nurk, Ivo"]
[Black "Aakio, Seppo"]
[Result "1/2-1/2"]
[WhiteElo "2099"]
[BlackElo "2071"]
[PlyCount "24"]
[EventDate "2022.09.24"]
[EventType "team-tourn"]
[EventRounds "7"]
[EventCountry "FIN"]
[SourceTitle "EXT 2025"]
[Source "ChessBase"]
[SourceDate "2024.10.14"]
[SourceVersion "1"]
[SourceVersionDate "2024.10.14"]
[SourceQuality "1"]
[WhiteTeam "Raasepori KarjUra"]
[BlackTeam "Helsinki LauttSSK"]
[WhiteTeamCountry "FIN"]
[BlackTeamCountry "FIN"]

1. d4 d6 2. e4 Nf6 3. f3 c6 4. Nc3 Qc7 5. a4 a5 6. Bc4 e5 7. Nge2 Be7 8. 0-0 0-0 9. Be3 Na6 10. Qe1 Nb4 11. Rc1 d5 12. exd5 Nbxd5 1/2-1/2

[Event "FIN-ch Seniors 65"]
[Site "Helsinki"]
[Date "2022.04.18"]
[Round "4"]
[White "Hietala, Pekka"]
[Black "Aakio, Seppo"]
[Result "1/2-1/2"]
[WhiteElo "1925"]
[BlackElo "2056"]
[PlyCount "131"]
[EventDate "2022.04.15"]
[EventType "swiss"]
[EventRounds "9"]
[EventCountry "FIN"]
[SourceTitle "CBM 208 Extra"]
[Source "ChessBase"]
[SourceDate "2022.07.31"]
[SourceVersion "1"]
[SourceVersionDate "2022.07.31"]
[SourceQuality "1"]

1. c4 d6 2. Nc3 e5 3. Nf3 c6 4. d4 Nd7 5. e4 Ngf6 6. Be2 Be7 7. 0-0 0-0 8. Qc2 Qc7 9. h3 Re8 10. Be3 Bf8 11. b4 b6 12. a4 a5 13. bxa5 bxa5 14. Rab1 exd4 15. Nxd4 Nc5 16. f3 Bd7 17. Bf4 Rab8 18. g4 Rb4 19. Rfd1 Reb8 20. Bh2 g6 21. f4 Qa7 22. Kg2 Rxb1 23. Rxb1 Rxb1 24. Qxb1 Nxa4 25. Nxa4 Qxd4 26. Kf3 d5 27. e5 Ne4 28. Bg1 Nd2+ 29. Kg3 Qxc4 30. Bxc4 Nxb1 31. Bd3 Na3 32. Bb6 Bb4 33. Nc5 Bc8 34. Nb3 a4 35. Nc5 Bxc5 36. Bxc5 Nb5 37. f5 a3 38. Bxb5 a2 39. Bd4 cxb5 40. Kf4 h6 41. h4 gxf5 42. gxf5 Kf8 43. e6 fxe6 44. f6 b4 45. Be5 Ba6 46. Bd4 Be2 47. Ke5 Kf7 48. Bb2 Bc4 49. Bd4 Bd3 50. Bb2 Bf5 51. Bd4 b3 52. Bb2 Bh7 53. Bd4 Bg8 54. Bb2 Kg6 55. Kf4 Bf7 56. Be5 Kh5 57. Kg3 Bg6 58. Bb2 Be8 59. Bc3 Bf7 60. Be5 Kg6 61. Kf4 Kh7 62. Bb2 Kg8 63. Ke5 Kf8 64. Kd6 Ke8 65. Bd4 Bg8 66. Bb2 1/2-1/2

[Event "FIN-ch Seniors 65"]
[Site "Helsinki"]
[Date "2022.04.16"]
[Round "2"]
[White "Aakio, Seppo"]
[Black "Smeds, Tom"]
[Result "1-0"]
[WhiteElo "2056"]
[BlackElo "1847"]
[PlyCount "127"]
[EventDate "2022.04.15"]
[EventType "swiss"]
[EventRounds "9"]
[EventCountry "FIN"]
[SourceTitle "CBM 208 Extra"]
[Source "ChessBase"]
[SourceDate "2022.07.31"]
[SourceVersion "1"]
[SourceVersionDate "2022.07.31"]
[SourceQuality "1"]

1. e4 d5 2. exd5 Qxd5 3. Nc3 Qa5 4. Nf3 Bg4 5. h3 Bh5 6. d4 c6 7. Bd3 Nf6 8. 0-0 e6 9. Re1 Bb4 10. Bd2 Nbd7 11. a3 Bxc3 12. bxc3 Qc7 13. c4 Bg6 14. Bxg6 hxg6 15. Ng5 0-0 16. Qf3 Nb6 17. Qb3 Nc8 18. a4 Ne7 19. Rab1 b6 20. a5 b5 21. cxb5 cxb5 22. Bb4 Rfe8 23. Bc5 a6 24. c4 Qf4 25. Nf3 bxc4 26. Qxc4 Ned5 27. Rb7 Ne4 28. Qd3 Nxc5 29. dxc5 Red8 30. Ne5 Nf6 31. Qe3 Qxe3 32. Rxe3 Rd1+ 33. Kh2 Rc1 34. Nxf7 Rxc5 35. Rxe6 Rxa5 36. Ne5 Re8 37. Rxe8+ Nxe8 38. Nxg6 Kh7 39. Nf4 Rf5 40. Kg3 Nd6 41. Ra7 a5 42. Ne6 Ne4+ 43. Kh2 Nxf2 44. Nxg7 Rb5 45. Nf5+ Kg6 46. Nd6 Rd5 47. Nc4 Rd4 48. Nxa5 Rd1 49. Nc4 Rh1+ 50. Kg3 Ne4+ 51. Kf4 Nc3 52. Ne5+ Kh6 53. Ra6+ Kh7 54. Nf3 Ne2+ 55. Kg5 Rb1 56. Ra7+ Kg8 57. Re7 Rb5+ 58. Re5 Rb2 59. g4 Ng3 60. h4 Rf2 61. Nd4 Rh2 62. Nf5 Nxf5 63. Rxf5 Kg7 64. Ra5 1-0

[Event "FIN-ch Seniors 65"]
[Site "Helsinki"]
[Date "2019.06.17"]
[Round "8"]
[White "Ruotanen, Helge"]
[Black "Aakio, Seppo"]
[Result "0-1"]
[WhiteElo "1920"]
[BlackElo "2051"]
[PlyCount "78"]
[EventDate "2019.06.10"]
[EventType "swiss"]
[EventRounds "9"]
[EventCountry "FIN"]
[SourceTitle "EXT 2021"]
[Source "ChessBase"]
[SourceDate "2020.10.23"]
[SourceVersion "1"]
[SourceVersionDate "2020.10.23"]
[SourceQuality "1"]

1. g3 e5 2. d4 exd4 3. Qxd4 Nf6 4. Bg2 Be7 5. Nc3 0-0 6. Nf3 d5 7. 0-0 c6 8. b4 Bf5 9. Bb2 Bxc2 10. a3 Nbd7 11. Rac1 Bg6 12. Rfd1 Qb6 13. Nh4 Qxd4 14. Rxd4 Ne5 15. Nxg6 hxg6 16. Rc2 Nc4 17. Bc1 Nd6 18. f3 a5 19. b5 Nc4 20. Rd3 Bxa3 21. Bxa3 Nxa3 22. Ra2 Nc4 23. e4 dxe4 24. fxe4 Rfe8 25. bxc6 bxc6 26. Rd4 Ne3 27. Bf3 Re5 28. Kf2 Neg4+ 29. Kg2 Rc5 30. Na4 Rc1 31. Nb6 Rb8 32. Nd7 Rb5 33. Be2 Rb4 34. Nxf6+ Nxf6 35. Rd8+ Kh7 36. e5 Nd5 37. Bd3 Rd4 38. e6 fxe6 39. Rxa5 Rxd3 0-1

[Event "FIN-chT1A 1819"]
[Site "Finland"]
[Date "2019.02.09"]
[Round "6.5"]
[White "Aakio, Seppo"]
[Black "Pitkaaho, Arto"]
[Result "1/2-1/2"]
[WhiteElo "2054"]
[BlackElo "2196"]
[PlyCount "106"]
[EventDate "2018.09.15"]
[EventType "team-tourn"]
[EventRounds "7"]
[EventCountry "FIN"]
[SourceTitle "EXT 2020"]
[Source "ChessBase"]
[SourceDate "2019.10.17"]
[SourceVersion "1"]
[SourceVersionDate "2019.10.17"]
[SourceQuality "1"]
[WhiteTeam "Helsinki LauttSK"]
[BlackTeam "Raahe Li"]
[WhiteTeamCountry "FIN"]
[BlackTeamCountry "FIN"]

1. e4 e6 2. d4 d5 3. Nd2 Nf6 4. e5 Nfd7 5. Bd3 c5 6. c3 Nc6 7. Ngf3 g5 8. h3 h5 9. a3 Rg8 10. g4 hxg4 11. hxg4 Qb6 12. Qa4 a5 13. Nf1 Be7 14. Rh6 Nf8 15. Qb5 Qa7 16. Qa4 c4 17. Bb1 b5 18. Qd1 Qb8 19. Rh5 b4 20. axb4 axb4 21. Rxa8 Qxa8 22. Bxg5 Qa1 23. Qc2 Bd7 24. Ke2 Na5 25. N1d2 Ba4 26. Qc1 bxc3 27. Qxc3 Nc6 28. Bxe7 Kxe7 29. g5 Kd7 30. Rh4 Ng6 31. Bxg6 Bd1+ 32. Ke3 Rxg6 33. Rh1 Qa4 34. Qa3 Qxa3+ 35. bxa3 Bc2 36. Rc1 Bf5 37. Rg1 Rg8 38. Nh4 Bh7 39. f4 Ra8 40. Ra1 Nb4 41. Kf2 Nc2 42. Rb1 Nxd4 43. Rb7+ Ke8 44. g6 Bxg6 45. Nxg6 fxg6 46. Nb1 Nc6 47. Nc3 Rxa3 48. Nb5 Ra2+ 49. Kg3 Nd8 50. Nd6+ Kf8 51. Rc7 Ra6 52. Rc8 Ke7 53. Rc7+ Kf8 1/2-1/2

[Event "FIN-chT1B 1718"]
[Site "Finland"]
[Date "2017.10.22"]
[Round "4.7"]
[White "Mustonen, Tapani"]
[Black "Aakio, Seppo"]
[Result "1-0"]
[WhiteElo "1887"]
[BlackElo "2049"]
[PlyCount "51"]
[EventDate "2017.09.16"]
[EventType "team-tourn"]
[EventRounds "7"]
[EventCountry "FIN"]
[SourceTitle "EXT 2020"]
[Source "ChessBase"]
[SourceDate "2019.10.17"]
[SourceVersion "1"]
[SourceVersionDate "2019.10.17"]
[SourceQuality "1"]
[WhiteTeam "Joensuu SK"]
[BlackTeam "Helsinki LauttSK"]
[WhiteTeamCountry "FIN"]
[BlackTeamCountry "FIN"]

1. d4 d6 2. g3 c6 3. Bg2 Nd7 4. Nf3 e5 5. e4 Be7 6. b3 Ngf6 7. Nbd2 0-0 8. 0-0 b5 9. Bb2 Qc7 10. Re1 Re8 11. c4 exd4 12. Nxd4 bxc4 13. Nxc4 Ne5 14. Rc1 Bd7 15. Nb5 cxb5 16. Nxe5 Qb6 17. Nxd7 Nxd7 18. Bxg7 Ne5 19. Bxe5 dxe5 20. Bh3 Bc5 21. Rc2 Rad8 22. Qg4+ Kh8 23. Qh5 f6 24. Rec1 Bd6 25. Rc6 Qb8 26. Bf5 1-0

[Event "FIN-chT1A 1617"]
[Site "Finland"]
[Date "2016.09.17"]
[Round "1.7"]
[White "Aakio, Seppo"]
[Black "Sarkkinen, Heikki"]
[Result "1/2-1/2"]
[WhiteElo "2050"]
[BlackElo "2005"]
[PlyCount "92"]
[EventDate "2016.09.17"]
[EventType "team-tourn"]
[EventRounds "7"]
[EventCountry "FIN"]
[SourceTitle "EXT 2019"]
[Source "ChessBase"]
[SourceDate "2018.10.10"]
[SourceVersion "1"]
[SourceVersionDate "2018.10.10"]
[SourceQuality "1"]
[WhiteTeam "Helsinki SSK"]
[BlackTeam "Raahe Li"]
[WhiteTeamCountry "FIN"]
[BlackTeamCountry "FIN"]

1. e4 d5 2. exd5 Qxd5 3. Nc3 Qd6 4. g3 c6 5. Bg2 Nf6 6. Nf3 Bf5 7. 0-0 e6 8. d4 Be7 9. h3 h6 10. Qe2 0-0 11. a3 Qd8 12. Rd1 Bh7 13. Nb1 Qa5 14. c4 Na6 15. Nc3 Rad8 16. Bf4 Nh5 17. Be3 Nf6 18. Ne5 Nd7 19. f4 Nxe5 20. fxe5 Rd7 21. Qg4 Bf5 22. Qe2 Qd8 23. Ne4 Nc7 24. g4 Bxe4 25. Bxe4 Bg5 26. Bf2 Bh4 27. Be3 Bg5 28. Kg2 Bxe3 29. Qxe3 Qg5 30. Qxg5 hxg5 31. Rd3 Rfd8 32. Rad1 a5 33. Kf2 f6 34. exf6 gxf6 35. Ke3 Kf7 36. R1d2 Ke7 37. Rd1 Rd6 38. R1d2 R6d7 39. b3 Rd6 40. Ra2 Ra8 41. Rb2 Rh8 42. Bg2 Rhd8 43. Rbd2 R6d7 44. Be4 Rh8 45. Ke2 Rhd8 46. Ke3 Rh8 1/2-1/2

[Event "FIN-chT1B 1516"]
[Site "Finland"]
[Date "2015.10.10"]
[Round "3.5"]
[White "Aakio, Seppo"]
[Black "Vetelaeinen, Tomi"]
[Result "1/2-1/2"]
[WhiteElo "2052"]
[BlackElo "2059"]
[PlyCount "29"]
[EventDate "2015.09.12"]
[EventType "team-tourn"]
[EventRounds "8"]
[EventCountry "FIN"]
[SourceTitle "EXT 2017"]
[Source "ChessBase"]
[SourceDate "2016.10.25"]
[SourceVersion "1"]
[SourceVersionDate "2016.10.25"]
[SourceQuality "1"]
[WhiteTeam "Helsinki SSK"]
[BlackTeam "Vantaa Remi"]
[WhiteTeamCountry "FIN"]
[BlackTeamCountry "FIN"]

1. e4 c5 2. Nf3 g6 3. d4 cxd4 4. Nxd4 Bg7 5. Nc3 Nc6 6. Nb3 Nf6 7. Be2 0-0 8. 0-0 a5 9. a4 Nb4 10. Be3 d5 11. exd5 Nfxd5 12. Nxd5 Nxd5 13. Bd4 e5 14. Bc5 Re8 15. Bb5 1/2-1/2

[Event "FIN-ch op"]
[Site "Naantali"]
[Date "2013.07.06"]
[Round "8.4"]
[White "Aakio, Seppo"]
[Black "Valkama, Eero"]
[Result "1/2-1/2"]
[WhiteElo "2066"]
[BlackElo "1881"]
[PlyCount "23"]
[EventDate "2013.07.01"]
[EventType "swiss"]
[EventRounds "9"]
[EventCountry "FIN"]
[SourceTitle "EXT 2022"]
[Source "ChessBase"]
[SourceDate "2021.10.06"]
[SourceVersion "1"]
[SourceVersionDate "2021.10.06"]
[SourceQuality "1"]

1. e4 e5 2. Nf3 Nc6 3. d4 exd4 4. Nxd4 Nf6 5. Nc3 Bb4 6. Nxc6 bxc6 7. Bd3 d5 8. exd5 cxd5 9. 0-0 0-0 10. Bg5 c6 11. h3 h6 12. Bd2 1/2-1/2

[Event "FIN-chT 1112"]
[Site "Finland"]
[Date "2012.02.12"]
[Round "9.7"]
[White "Vihinen, Teemu"]
[Black "Aakio, Seppo"]
[Result "1-0"]
[WhiteElo "2137"]
[BlackElo "2070"]
[PlyCount "129"]
[EventDate "2011.09.17"]
[EventType "team-tourn"]
[EventRounds "11"]
[EventCountry "FIN"]
[SourceTitle "EXT 2013"]
[Source "ChessBase"]
[SourceDate "2012.11.22"]
[SourceVersion "1"]
[SourceVersionDate "2012.11.22"]
[SourceQuality "1"]
[WhiteTeam "Vantaa"]
[BlackTeam "Helsinki SSK"]
[WhiteTeamCountry "FIN"]
[BlackTeamCountry "FIN"]

1. e4 d6 2. d4 c6 3. f4 g6 4. Nf3 Bg7 5. Bd3 Bg4 6. c3 e5 7. dxe5 dxe5 8. h3 Bxf3 9. Qxf3 Nd7 10. f5 Ngf6 11. Be3 Nh5 12. 0-0 0-0 13. Bc4 Kh8 14. Kh2 Qe7 15. Nd2 b6 16. Rf2 Rad8 17. Nb3 Bf6 18. Rd1 Bg5 19. Bxg5 Qxg5 20. Rfd2 Nb8 21. Rxd8 Rxd8 22. Rxd8+ Qxd8 23. Bxf7 Kg7 24. fxg6 hxg6 25. Bc4 Qe7 26. Nc1 Nd7 27. Nd3 Nhf6 28. Nf2 Nc5 29. b4 Ncd7 30. Qd3 Nh5 31. Ng4 Nhf6 32. Nxf6 Nxf6 33. Bb3 Kh6 34. a3 Kg7 35. Ba4 c5 36. Bc6 Qc7 37. Bb5 Qb7 38. Qd6 Nxe4 39. Qxe5+ Nf6 40. bxc5 bxc5 41. Qxc5 a6 42. Bd3 Qb8+ 43. Kg1 Qf4 44. Bxa6 Ne4 45. Qd4+ Kh7 46. Bf1 Qh4 47. a4 Qe1 48. a5 Nxc3 49. Qf2 Qe5 50. a6 Nd1 51. Qf7+ Kh6 52. Qf3 Qd4+ 53. Kh1 Nf2+ 54. Kh2 Ne4 55. g3 g5 56. a7 Qxa7 57. Qxe4 Qf2+ 58. Qg2 Qf6 59. Bd3 Kh5 60. Bb1 Kh6 61. Qc2 Qf7 62. Qf5 Qxf5 63. Bxf5 Kg7 64. g4 Kf6 65. Kg3 1-0

[Event "FIN Team Cup"]
[Site "Finland"]
[Date "2011.08.20"]
[Round "3.6"]
[White "Aakio, Seppo"]
[Black "Ebeling, Daniel"]
[Result "0-1"]
[WhiteElo "2074"]
[BlackElo "2173"]
[PlyCount "94"]
[EventDate "2011.03.26"]
[EventType "team-k.o."]
[EventRounds "5"]
[EventCountry "FIN"]
[SourceTitle "EXT 2022"]
[Source "ChessBase"]
[SourceDate "2021.10.06"]
[SourceVersion "1"]
[SourceVersionDate "2021.10.06"]
[SourceQuality "1"]
[WhiteTeam "Helsinki SSK"]
[BlackTeam "Espoo MatSK"]
[WhiteTeamCountry "FIN"]
[BlackTeamCountry "FIN"]

1. e4 c5 2. Nf3 Nc6 3. d4 cxd4 4. Nxd4 Nf6 5. Nc3 e5 6. Ndb5 d6 7. Nd5 Nxd5 8. exd5 Nb8 9. c4 Be7 10. Bd3 0-0 11. 0-0 a6 12. Nc3 f5 13. f3 Nd7 14. Be3 Bg5 15. Bf2 Qf6 16. Na4 Qh6 17. Nb6 Nxb6 18. Bxb6 Be3+ 19. Bxe3 Qxe3+ 20. Kh1 Bd7 21. Qe2 Qxe2 22. Bxe2 Rfc8 23. Kg1 b5 24. b3 Kf7 25. Kf2 Kf6 26. Ke3 Rab8 27. Rab1 f4+ 28. Kd2 Bf5 29. Bd3 bxc4 30. bxc4 Rxb1 31. Rxb1 Rxc4 32. Bxc4 Bxb1 33. Bxa6 Bxa2 34. Bb7 e4 35. fxe4 Ke5 36. Ba6 Bb1 37. Bd3 Bxd3 38. Kxd3 g5 39. g3 fxg3 40. hxg3 h5 41. Ke3 h4 42. gxh4 gxh4 43. Kf3 h3 44. Kg3 Kxe4 45. Kxh3 Kxd5 46. Kg2 Ke4 47. Kf2 Kd3 0-1